[Event "World Prestigious University 2019"]
[Site "Tianjin"]
[Date "2019.11.28"]
[Round "8.8"]
[White "Zhong, Wei"]
[Black "Mihov, Filip"]
[Result "1-0"]
[WhiteElo "1804"]
[BlackElo "2191"]
[PlyCount "87"]
[EventDate "2019.11.26"]
[EventType "team-tourn"]
[EventCountry "CHN"]
[TimeControl "1500+10"]
[WhiteClock "0:00:11"]
[BlackClock "0:00:32"]

1. e4 {[%emt 0:00:00]} e6 {[%emt 0:00:00]} 2. d4 {[%emt 0:00:03]} d5 {[%emt 0:00:00]} 3. exd5 {[%emt 0:00:40]} exd5 {[%emt 0:00:01]} 4. Bd3 {[%emt 0:00:02]} Nc6 {[%emt 0:00:02]} 5. c3 {[%emt 0:00:15]} Bd6 {[%emt 0:00:03]} 6. Nf3 {[%emt 0:00:34]} Nge7 {[%emt 0:00:08]} 7. Bg5 {[%emt 0:00:36]} f6 {[%emt 0:00:26]} 8. Bh4 {[%emt 0:00:05]} Bf5 {[%emt 0:00:12]} 9. O-O {[%emt 0:00:43]} Qd7 {[%emt 0:00:07]} 10. Bg3 {[%emt 0:02:38]} O-O-O {[%emt 0:01:12]} 11. Bxd6 {[%emt 0:01:06]} Qxd6 {[%emt 0:00:10]} 12. b4 {[%emt 0:01:51]} g5 {[%emt 0:00:46]} 13. Bxf5+ {[%emt 0:02:26]} Nxf5 {[%emt 0:00:03]} 14. a4 {[%emt 0:00:35]} h5 {[%emt 0:00:32]} 15. a5 {[%emt 0:00:28]} Rdg8 {[%emt 0:01:24]} 16. Qd3 {[%emt 0:01:31]} Nce7 {[%emt 0:00:24]} 17. Na3 {[%emt 0:01:26]} g4 {[%emt 0:01:03]} 18. Nd2 {[%emt 0:01:13]} Qd7 {[%emt 0:05:20]} 19. Nb3 {[%emt 0:01:07]} Nd6 {[%emt 0:00:48]} 20. Nc5 {[%emt 0:01:11]} Qf5 {[%emt 0:00:02]} 21. Qxf5+ {[%emt 0:01:47]} Nexf5 {[%emt 0:00:03]} 22. Rfe1 {[%emt 0:00:10]} Re8 {[%emt 0:01:47]} 23. a6 {[%emt 0:02:57]} b6 {[%emt 0:00:12]} 24. Nd3 {[%emt 0:00:00]} Ne4 {[%emt 0:00:27]} 25. Nb5 {[%emt 0:00:24]} Kb8 {[%emt 0:00:11]} 26. Rac1 {[%emt 0:00:51]} c6 {[%emt 0:00:07]} 27. Na3 {[%emt 0:00:06]} h4 {[%emt 0:01:29]} 28. f3 {[%emt 0:01:15]} gxf3 {[%emt 0:00:04]} 29. gxf3 {[%emt 0:00:01]} Reg8+ {[%emt 0:04:41]} 30. Kf1 {[%emt 0:00:54]} Ng5 {[%emt 0:00:28]} 31. Re2 {[%emt 0:02:07]} Rh7 {[%emt 0:03:05]} 32. Kf2 {[%emt 0:00:45]} Nh3+ {[%emt 0:01:04]} 33. Ke1 {[%emt 0:00:04]} Ng1 {[%emt 0:00:28]} 34. Rf2 {[%emt 0:00:11]} h3 {[%emt 0:00:58]} 35. Nf4 {[%emt 0:00:29]} Nh4 {[%emt 0:00:19]} 36. b5 {[%emt 0:00:09]} Nhxf3+ {[%emt 0:00:35]} 37. Kf1 {[%emt 0:00:06]} Rg4 {[%emt 0:01:46]} 38. Nd3 {[%emt 0:00:12]} cxb5 {[%emt 0:00:18]} 39. Nxb5 {[%emt 0:00:04]} Re7 {[%emt 0:00:13]} 40. c4 {[%emt 0:00:11]} dxc4 {[%emt 0:00:20]} 41. Rxc4 {[%emt 0:00:15]} Rge4 {[%emt 0:00:01]} 42. Rfc2 {[%emt 0:00:15]} Re8 {[%emt 0:00:18]} 43. Nd6 {[%emt 0:00:01]} Rxd4 {[%emt 0:00:22]} 44. Rc8+ {[%emt 0:00:04]} 1-0

[Event "World Prestigious University 2019"]
[Site "Tianjin"]
[Date "2019.11.28"]
[Round "8.10"]
[White "Grigory, Oparin"]
[Black "Kukhmazov, Arsen"]
[Result "1-0"]
[WhiteElo "2660"]
[BlackElo "2377"]
[PlyCount "55"]
[EventDate "2019.11.26"]
[EventType "team-tourn"]
[EventCountry "CHN"]
[TimeControl "1500+10"]
[WhiteClock "0:11:21"]
[BlackClock "0:05:59"]

1. e3 {[%emt 0:00:00]} d5 {[%emt 0:00:21]} 2. Nf3 {[%emt 0:00:00]} Nf6 {[%emt 0:00:40]} 3. c4 {[%emt 0:00:00]} c6 {[%emt 0:00:15]} 4. Qc2 {[%emt 0:00:01]} g6 {[%emt 0:00:42]} 5. d4 {[%emt 0:00:05]} Bg7 {[%emt 0:00:02]} 6. h3 {[%emt 0:01:08]} Bf5 {[%emt 0:02:49]} 7. Bd3 {[%emt 0:00:02]} Bxd3 {[%emt 0:00:05]} 8. Qxd3 {[%emt 0:00:04]} Ne4 {[%emt 0:01:02]} 9. Nc3 {[%emt 0:00:40]} Nxc3 {[%emt 0:00:29]} 10. bxc3 {[%emt 0:00:02]} Nd7 {[%emt 0:00:26]} 11. Rb1 {[%emt 0:00:21]} Qc7 {[%emt 0:00:01]} 12. cxd5 {[%emt 0:05:41]} cxd5 {[%emt 0:00:01]} 13. Qb5 {[%emt 0:00:01]} Qxc3+ {[%emt 0:04:09]} 14. Bd2 {[%emt 0:00:02]} Qc6 {[%emt 0:00:00]} 15. Qxb7 {[%emt 0:00:12]} Qxb7 {[%emt 0:00:01]} 16. Rxb7 {[%emt 0:00:03]} Rb8 {[%emt 0:00:01]} 17. Rxa7 {[%emt 0:03:06]} Rb1+ {[%emt 0:00:08]} 18. Ke2 {[%emt 0:00:01]} Rxh1 {[%emt 0:00:02]} 19. Ra8+ {[%emt 0:00:01]} Nb8 {[%emt 0:00:01]} 20. Rxb8+ {[%emt 0:00:02]} Kd7 {[%emt 0:00:01]} 21. Rb7+ {[%emt 0:00:03]} Ke6 {[%emt 0:00:00]} 22. Ng5+ {[%emt 0:03:32]} Kf6 {[%emt 0:00:01]} 23. e4 {[%emt 0:00:05]} Bf8 {[%emt 0:01:41]} 24. exd5 {[%emt 0:03:15]} h6 {[%emt 0:01:41]} 25. Bf4 {[%emt 0:02:28]} hxg5 {[%emt 0:02:31]} 26. Be5+ {[%emt 0:00:05]} Kf5 {[%emt 0:00:00]} 27. Bxh8 {[%emt 0:02:19]} Ra1 {[%emt 0:00:59]} 28. Kf3 {[%emt 0:00:22]} 1-0

[Event "World Prestigious University 2019"]
[Site "Tianjin"]
[Date "2019.11.28"]
[Round "8.11"]
[White "Tarasov, Alexandr"]
[Black "Dmitry, Gordievskiy"]
[Result "0-1"]
[WhiteElo "2348"]
[BlackElo "2590"]
[PlyCount "72"]
[EventDate "2019.11.26"]
[EventType "team-tourn"]
[EventCountry "CHN"]
[TimeControl "1500+10"]
[WhiteClock "0:00:42"]
[BlackClock "0:00:27"]

1. e4 {[%emt 0:00:08]} c5 {[%emt 0:00:08]} 2. Nf3 {[%emt 0:00:25]} Nc6 {[%emt 0:00:18]} 3. b3 {[%emt 0:00:48]} Nf6 {[%emt 0:01:37]} 4. e5 {[%emt 0:01:06]} Nd5 {[%emt 0:04:02]} 5. Bb2 {[%emt 0:05:18]} e6 {[%emt 0:00:11]} 6. c4 {[%emt 0:01:35]} Nde7 {[%emt 0:01:07]} 7. g3 {[%emt 0:04:46]} d5 {[%emt 0:01:16]} 8. exd6 {[%emt 0:01:16]} Nf5 {[%emt 0:00:02]} 9. Bg2 {[%emt 0:01:22]} Bxd6 {[%emt 0:00:09]} 10. O-O {[%emt 0:00:13]} O-O {[%emt 0:00:55]} 11. Na3 {[%emt 0:00:40]} e5 {[%emt 0:01:11]} 12. Nb5 {[%emt 0:00:45]} f6 {[%emt 0:00:28]} 13. d3 {[%emt 0:02:23]} Be7 {[%emt 0:01:32]} 14. a3 {[%emt 0:01:18]} Be6 {[%emt 0:00:00]} 15. Nc3 {[%emt 0:00:24]} Re8 {[%emt 0:02:17]} 16. Nd5 {[%emt 0:01:41]} Bf8 {[%emt 0:00:01]} 17. Nd2 {[%emt 0:00:27]} Nfe7 {[%emt 0:00:54]} 18. Qf3 {[%emt 0:00:32]} Bf7 {[%emt 0:01:40]} 19. Ne4 {[%emt 0:00:42]} Nxd5 {[%emt 0:00:40]} 20. cxd5 {[%emt 0:00:06]} Nd4 {[%emt 0:00:01]} 21. Bxd4 {[%emt 0:00:36]} cxd4 {[%emt 0:00:02]} 22. g4 {[%emt 0:00:11]} Bd6 {[%emt 0:05:58]} 23. h4 {[%emt 0:00:39]} Kh8 {[%emt 0:01:34]} 24. g5 {[%emt 0:00:22]} Rg8 {[%emt 0:02:08]} 25. Rfc1 {[%emt 0:01:02]} Qe7 {[%emt 0:00:29]} 26. gxf6 {[%emt 0:00:21]} gxf6 {[%emt 0:00:01]} 27. Qxf6+ {[%emt 0:00:12]} Qxf6 {[%emt 0:00:02]} 28. Nxf6 {[%emt 0:00:01]} Rg6 {[%emt 0:00:02]} 29. Ne4 {[%emt 0:00:09]} Rag8 {[%emt 0:00:49]} 30. Ng5 {[%emt 0:00:10]} Be8 {[%emt 0:00:03]} 31. Be4 {[%emt 0:00:02]} h6 {[%emt 0:00:20]} 32. Bxg6 {[%emt 0:00:08]} Bxg6 {[%emt 0:00:00]} 33. Ne6 {[%emt 0:00:23]} Bxd3+ {[%emt 0:00:13]} 34. Kh2 {[%emt 0:00:10]} e4+ {[%emt 0:00:04]} 35. Kh3 {[%emt 0:00:03]} e3 {[%emt 0:00:01]} 36. Nxd4 {[%emt 0:00:09]} exf2 {[%emt 0:00:03]} 0-1

[Event "World Prestigious University 2019"]
[Site "Tianjin"]
[Date "2019.11.28"]
[Round "8.12"]
[White "Wang, Nancy"]
[Black "Bogachkova, Alena"]
[Result "0-1"]
[WhiteElo "1823"]
[BlackElo "2080"]
[PlyCount "60"]
[EventDate "2019.11.26"]
[EventType "team-tourn"]
[EventCountry "CHN"]
[TimeControl "1500+10"]
[WhiteClock "0:04:55"]
[BlackClock "0:00:31"]

1. e4 {[%emt 0:00:00]} c5 {[%emt 0:00:00]} 2. Nc3 {[%emt 0:00:23]} g6 {[%emt 0:00:04]} 3. g3 {[%emt 0:00:02]} Bg7 {[%emt 0:00:02]} 4. Bg2 {[%emt 0:00:01]} Nc6 {[%emt 0:00:03]} 5. d3 {[%emt 0:00:02]} d6 {[%emt 0:00:14]} 6. Be3 {[%emt 0:00:05]} e6 {[%emt 0:01:07]} 7. Qd2 {[%emt 0:00:08]} Rb8 {[%emt 0:02:14]} 8. Nge2 {[%emt 0:00:48]} Nd4 {[%emt 0:00:13]} 9. O-O {[%emt 0:00:52]} Ne7 {[%emt 0:00:15]} 10. Nd1 {[%emt 0:05:17]} b5 {[%emt 0:00:34]} 11. c3 {[%emt 0:00:36]} Nxe2+ {[%emt 0:00:08]} 12. Qxe2 {[%emt 0:00:02]} b4 {[%emt 0:00:17]} 13. f4 {[%emt 0:00:43]} bxc3 {[%emt 0:00:30]} 14. bxc3 {[%emt 0:00:49]} Qa5 {[%emt 0:00:39]} 15. Qc2 {[%emt 0:02:31]} Bd7 {[%emt 0:00:21]} 16. d4 {[%emt 0:05:23]} cxd4 {[%emt 0:01:50]} 17. cxd4 {[%emt 0:00:11]} O-O {[%emt 0:00:11]} 18. Qc3 {[%emt 0:02:39]} Qa6 {[%emt 0:03:07]} 19. Rf2 {[%emt 0:01:01]} Rfc8 {[%emt 0:00:12]} 20. Qd2 {[%emt 0:00:37]} Qa3 {[%emt 0:04:15]} 21. Bf1 {[%emt 0:00:38]} Bb5 {[%emt 0:02:09]} 22. e5 {[%emt 0:03:13]} Nd5 {[%emt 0:00:42]} 23. Bxb5 {[%emt 0:00:29]} Rxb5 {[%emt 0:00:01]} 24. Re2 {[%emt 0:00:13]} Bf8 {[%emt 0:00:50]} 25. Bf2 {[%emt 0:00:42]} dxe5 {[%emt 0:01:11]} 26. dxe5 {[%emt 0:00:28]} Bb4 {[%emt 0:00:12]} 27. Qb2 {[%emt 0:01:01]} Qf3 {[%emt 0:03:23]} 28. Bxa7 {[%emt 0:00:27]} Bc5+ {[%emt 0:00:16]} 29. Bxc5 {[%emt 0:00:04]} Rxb2 {[%emt 0:00:02]} 30. Rxb2 {[%emt 0:00:04]} Rxc5 {[%emt 0:00:03]} 0-1

[Event "World Prestigious University 2019"]
[Site "Tianjin"]
[Date "2019.11.28"]
[Round "8.13"]
[White "Fernandez, Daniel Howard"]
[Black "Weichao, Chu"]
[Result "0-1"]
[WhiteElo "2444"]
[BlackElo "2423"]
[PlyCount "64"]
[EventDate "2019.11.26"]
[EventType "team-tourn"]
[EventCountry "CHN"]
[TimeControl "1500+10"]
[WhiteClock "0:04:11"]
[BlackClock "0:00:29"]

1. Nf3 {[%emt 0:00:00]} c5 {[%emt 0:00:04]} 2. g3 {[%emt 0:00:08]} Nc6 {[%emt 0:00:05]} 3. Bg2 {[%emt 0:00:02]} g6 {[%emt 0:00:03]} 4. O-O {[%emt 0:00:20]} Bg7 {[%emt 0:00:04]} 5. e4 {[%emt 0:01:00]} d6 {[%emt 0:00:46]} 6. c3 {[%emt 0:00:32]} e5 {[%emt 0:00:49]} 7. d3 {[%emt 0:00:29]} Nge7 {[%emt 0:00:24]} 8. Nbd2 {[%emt 0:00:27]} O-O {[%emt 0:00:11]} 9. Nc4 {[%emt 0:01:56]} b5 {[%emt 0:02:30]} 10. Ne3 {[%emt 0:00:13]} Rb8 {[%emt 0:00:05]} 11. Bd2 {[%emt 0:03:22]} a5 {[%emt 0:01:26]} 12. a4 {[%emt 0:00:17]} b4 {[%emt 0:01:59]} 13. Nh4 {[%emt 0:01:23]} Ba6 {[%emt 0:00:10]} 14. Qc2 {[%emt 0:01:02]} Rc8 {[%emt 0:02:53]} 15. f4 {[%emt 0:01:58]} exf4 {[%emt 0:00:02]} 16. gxf4 {[%emt 0:00:14]} d5 {[%emt 0:00:16]} 17. exd5 {[%emt 0:03:16]} Nxd5 {[%emt 0:00:22]} 18. Nxd5 {[%emt 0:01:42]} Qxh4 {[%emt 0:00:05]} 19. Rae1 {[%emt 0:01:01]} Rfe8 {[%emt 0:03:22]} 20. f5 {[%emt 0:01:06]} Be5 {[%emt 0:02:53]} 21. Bf4 {[%emt 0:01:07]} Bd4+ {[%emt 0:02:52]} 22. Be3 {[%emt 0:01:13]} Bxe3+ {[%emt 0:00:25]} 23. Nxe3 {[%emt 0:00:42]} Ne5 {[%emt 0:00:42]} 24. Be4 {[%emt 0:01:19]} Rcd8 {[%emt 0:00:05]} 25. fxg6 {[%emt 0:00:52]} hxg6 {[%emt 0:00:04]} 26. Nd5 {[%emt 0:00:38]} Bxd3 {[%emt 0:01:35]} 27. Bxd3 {[%emt 0:01:11]} Nf3+ {[%emt 0:01:24]} 28. Rxf3 {[%emt 0:00:25]} Rxe1+ {[%emt 0:00:10]} 29. Bf1 {[%emt 0:01:16]} Rxd5 {[%emt 0:00:10]} 30. Qb3 {[%emt 0:00:26]} Rg5+ {[%emt 0:00:08]} 31. Kh1 {[%emt 0:00:12]} Rxf1+ {[%emt 0:00:03]} 32. Rxf1 {[%emt 0:00:02]} Qe4+ {[%emt 0:00:02]} 0-1

[Event "World Prestigious University 2019"]
[Site "Tianjin"]
[Date "2019.11.28"]
[Round "8.14"]
[White "Wei, Siyu"]
[Black "Behar, Joshua"]
[Result "1-0"]
[WhiteElo "2106"]
[BlackElo "1974"]
[PlyCount "79"]
[EventDate "2019.11.26"]
[EventType "team-tourn"]
[EventCountry "CHN"]
[TimeControl "1500+10"]
[WhiteClock "0:02:11"]
[BlackClock "0:05:00"]

1. d4 {[%emt 0:00:00]} Nf6 {[%emt 0:00:00]} 2. Bg5 {[%emt 0:00:01]} e6 {[%emt 0:00:00]} 3. e4 {[%emt 0:00:22]} d5 {[%emt 0:00:53]} 4. e5 {[%emt 0:00:10]} h6 {[%emt 0:00:01]} 5. Bh4 {[%emt 0:00:55]} g5 {[%emt 0:00:06]} 6. Bg3 {[%emt 0:00:01]} Nfd7 {[%emt 0:00:10]} 7. h4 {[%emt 0:00:41]} c5 {[%emt 0:00:09]} 8. c3 {[%emt 0:00:08]} Nc6 {[%emt 0:00:03]} 9. hxg5 {[%emt 0:05:22]} Qxg5 {[%emt 0:00:10]} 10. Nf3 {[%emt 0:00:13]} Qd8 {[%emt 0:00:03]} 11. a3 {[%emt 0:00:56]} c4 {[%emt 0:01:34]} 12. Nbd2 {[%emt 0:00:08]} b5 {[%emt 0:01:03]} 13. Be2 {[%emt 0:00:04]} Bb7 {[%emt 0:00:11]} 14. Nh4 {[%emt 0:00:18]} Nb6 {[%emt 0:00:54]} 15. Bh5 {[%emt 0:00:06]} Qd7 {[%emt 0:01:13]} 16. Qf3 {[%emt 0:00:10]} Rh7 {[%emt 0:00:42]} 17. Nf1 {[%emt 0:04:01]} O-O-O {[%emt 0:00:52]} 18. Ne3 {[%emt 0:00:02]} Na4 {[%emt 0:00:47]} 19. Ng4 {[%emt 0:01:41]} Qc7 {[%emt 0:00:26]} 20. Nf6 {[%emt 0:00:17]} Rh8 {[%emt 0:00:05]} 21. Rb1 {[%emt 0:01:34]} a5 {[%emt 0:01:01]} 22. O-O {[%emt 0:00:05]} Kb8 {[%emt 0:01:12]} 23. Qe3 {[%emt 0:01:06]} Ka8 {[%emt 0:01:24]} 24. Nf3 {[%emt 0:01:12]} Ne7 {[%emt 0:00:36]} 25. Qd2 {[%emt 0:01:37]} Nf5 {[%emt 0:00:57]} 26. Bf4 {[%emt 0:00:01]} Nb6 {[%emt 0:02:01]} 27. Bg4 {[%emt 0:00:18]} Ne7 {[%emt 0:00:11]} 28. Qc2 {[%emt 0:00:40]} Ng8 {[%emt 0:00:51]} 29. Bg3 {[%emt 0:00:31]} Nxf6 {[%emt 0:00:45]} 30. exf6 {[%emt 0:00:02]} Bd6 {[%emt 0:00:01]} 31. Bxd6 {[%emt 0:00:23]} Qxd6 {[%emt 0:00:12]} 32. Ne5 {[%emt 0:00:02]} Rdf8 {[%emt 0:00:45]} 33. Bh5 {[%emt 0:00:23]} Qc7 {[%emt 0:00:38]} 34. b3 {[%emt 0:00:15]} cxb3 {[%emt 0:00:34]} 35. Rxb3 {[%emt 0:00:36]} Ba6 {[%emt 0:00:00]} 36. Rfb1 {[%emt 0:00:07]} Nd7 {[%emt 0:04:57]} 37. Nxd7 {[%emt 0:00:36]} Qxd7 {[%emt 0:00:04]} 38. Be2 {[%emt 0:00:08]} a4 {[%emt 0:01:57]} 39. Rxb5 {[%emt 0:01:08]} Ka7 {[%emt 0:01:51]} 40. Ra5 {[%emt 0:00:20]} 1-0

[Event "World Prestigious University 2019"]
[Site "Tianjin"]
[Date "2019.11.28"]
[Round "8.16"]
[White "Theodorou, Nikolas"]
[Black "Isakov, Michael"]
[Result "1-0"]
[WhiteElo "2555"]
[BlackElo "2162"]
[PlyCount "65"]
[EventDate "2019.11.26"]
[EventType "team-tourn"]
[EventCountry "CHN"]
[TimeControl "1500+10"]
[WhiteClock "0:03:43"]
[BlackClock "0:09:00"]

1. d4 {[%emt 0:00:00]} d5 {[%emt 0:00:00]} 2. c4 {[%emt 0:00:00]} e6 {[%emt 0:00:00]} 3. Nf3 {[%emt 0:00:00]} Nf6 {[%emt 0:00:00]} 4. g3 {[%emt 0:00:05]} Be7 {[%emt 0:00:00]} 5. Bg2 {[%emt 0:00:02]} O-O {[%emt 0:00:00]} 6. O-O {[%emt 0:00:03]} Nbd7 {[%emt 0:00:00]} 7. Qc2 {[%emt 0:00:05]} c6 {[%emt 0:00:00]} 8. Nbd2 {[%emt 0:00:02]} b6 {[%emt 0:00:01]} 9. e4 {[%emt 0:00:02]} dxc4 {[%emt 0:00:02]} 10. Nxc4 {[%emt 0:00:02]} Ba6 {[%emt 0:00:02]} 11. Rd1 {[%emt 0:02:51]} c5 {[%emt 0:00:37]} 12. d5 {[%emt 0:00:56]} exd5 {[%emt 0:00:03]} 13. exd5 {[%emt 0:00:02]} Bxc4 {[%emt 0:00:03]} 14. Qxc4 {[%emt 0:00:57]} Bd6 {[%emt 0:00:45]} 15. Bd2 {[%emt 0:02:15]} Re8 {[%emt 0:01:43]} 16. Re1 {[%emt 0:00:02]} Qc7 {[%emt 0:00:37]} 17. Bc3 {[%emt 0:00:04]} Rxe1+ {[%emt 0:02:00]} 18. Rxe1 {[%emt 0:00:03]} Re8 {[%emt 0:00:03]} 19. Rxe8+ {[%emt 0:00:53]} Nxe8 {[%emt 0:00:01]} 20. Bh3 {[%emt 0:00:01]} Nef6 {[%emt 0:04:55]} 21. Bxd7 {[%emt 0:00:05]} Nxd7 {[%emt 0:02:44]} 22. Qg4 {[%emt 0:00:03]} g6 {[%emt 0:06:58]} 23. Qh4 {[%emt 0:02:47]} Ne5 {[%emt 0:02:02]} 24. Ng5 {[%emt 0:01:06]} h5 {[%emt 0:00:01]} 25. Qf4 {[%emt 0:02:49]} Ng4 {[%emt 0:01:16]} 26. Qf3 {[%emt 0:00:02]} Qe7 {[%emt 0:00:51]} 27. Ne4 {[%emt 0:00:04]} b5 {[%emt 0:00:15]} 28. h3 {[%emt 0:02:51]} Ne5 {[%emt 0:00:01]} 29. Qf6 {[%emt 0:01:25]} Qxf6 {[%emt 0:01:34]} 30. Nxf6+ {[%emt 0:00:02]} Kh8 {[%emt 0:00:01]} 31. Ne8 {[%emt 0:01:48]} b4 {[%emt 0:00:01]} 32. Bxe5+ {[%emt 0:00:02]} Bxe5 {[%emt 0:00:01]} 33. d6 {[%emt 0:00:01]} 1-0

[Event "World Prestigious University 2019"]
[Site "Tianjin"]
[Date "2019.11.28"]
[Round "8.17"]
[White "Lu, Andrew H"]
[Black "Chandra, Akshat"]
[Result "0-1"]
[WhiteElo "2071"]
[BlackElo "2524"]
[PlyCount "167"]
[EventDate "2019.11.26"]
[EventType "team-tourn"]
[EventCountry "CHN"]
[TimeControl "1500+10"]
[WhiteClock "0:00:29"]
[BlackClock "0:00:20"]

1. d4 {[%emt 0:00:00]} Nf6 {[%emt 0:00:00]} 2. Nf3 {[%emt 0:00:00]} d5 {[%emt 0:00:00]} 3. c4 {[%emt 0:00:00]} e6 {[%emt 0:00:00]} 4. Nc3 {[%emt 0:00:00]} a6 {[%emt 0:00:05]} 5. e3 {[%emt 0:00:16]} dxc4 {[%emt 0:02:34]} 6. Bxc4 {[%emt 0:00:02]} b5 {[%emt 0:00:02]} 7. Bb3 {[%emt 0:00:44]} Bb7 {[%emt 0:00:03]} 8. O-O {[%emt 0:00:12]} Nbd7 {[%emt 0:00:33]} 9. Qe2 {[%emt 0:00:25]} c5 {[%emt 0:00:09]} 10. Rd1 {[%emt 0:00:14]} Qb8 {[%emt 0:00:37]} 11. e4 {[%emt 0:02:57]} cxd4 {[%emt 0:00:43]} 12. Nxd4 {[%emt 0:00:39]} Bd6 {[%emt 0:00:28]} 13. h3 {[%emt 0:01:39]} O-O {[%emt 0:00:17]} 14. a3 {[%emt 0:00:49]} Rd8 {[%emt 0:01:43]} 15. Bg5 {[%emt 0:01:00]} h6 {[%emt 0:01:37]} 16. Nxe6 {[%emt 0:02:21]} fxe6 {[%emt 0:00:11]} 17. Bxf6 {[%emt 0:00:30]} Nxf6 {[%emt 0:00:15]} 18. e5 {[%emt 0:00:02]} Bxe5 {[%emt 0:03:36]} 19. Rxd8+ {[%emt 0:00:03]} Qxd8 {[%emt 0:00:02]} 20. Qxe5 {[%emt 0:01:53]} Qd2 {[%emt 0:00:53]} 21. Rd1 {[%emt 0:03:52]} Qxb2 {[%emt 0:04:27]} 22. Bxe6+ {[%emt 0:00:06]} Kh8 {[%emt 0:00:02]} 23. Qc7 {[%emt 0:00:09]} Re8 {[%emt 0:02:20]} 24. Rd8 {[%emt 0:01:07]} Qc1+ {[%emt 0:02:47]} 25. Kh2 {[%emt 0:00:13]} Qg5 {[%emt 0:00:22]} 26. Rxe8+ {[%emt 0:02:48]} Nxe8 {[%emt 0:00:03]} 27. Qxb7 {[%emt 0:00:36]} Qe5+ {[%emt 0:00:01]} 28. g3 {[%emt 0:01:01]} Qxe6 {[%emt 0:00:02]} 29. Ne4 {[%emt 0:01:02]} Nf6 {[%emt 0:00:58]} 30. Nxf6 {[%emt 0:00:45]} Qxf6 {[%emt 0:00:07]} 31. Kg2 {[%emt 0:00:24]} Qe6 {[%emt 0:00:31]} 32. h4 {[%emt 0:00:23]} h5 {[%emt 0:01:33]} 33. Qf3 {[%emt 0:01:07]} g6 {[%emt 0:00:14]} 34. Qc3+ {[%emt 0:00:13]} Kg8 {[%emt 0:00:08]} 35. Qc5 {[%emt 0:00:11]} Qd7 {[%emt 0:02:26]} 36. Kh2 {[%emt 0:00:26]} Qf5 {[%emt 0:00:46]} 37. Qb6 {[%emt 0:00:27]} a5 {[%emt 0:00:21]} 38. Qd8+ {[%emt 0:00:44]} Qf8 {[%emt 0:00:12]} 39. Qd5+ {[%emt 0:00:09]} Kg7 {[%emt 0:00:04]} 40. Qd7+ {[%emt 0:00:27]} Qf7 {[%emt 0:00:08]} 41. Qd4+ {[%emt 0:00:48]} Kh7 {[%emt 0:00:01]} 42. Kg1 {[%emt 0:00:09]} Qb7 {[%emt 0:00:04]} 43. g4 {[%emt 0:00:30]} hxg4 {[%emt 0:00:16]} 44. Qxg4 {[%emt 0:00:15]} Qd5 {[%emt 0:00:23]} 45. Qf4 {[%emt 0:00:16]} Qd1+ {[%emt 0:00:12]} 46. Kh2 {[%emt 0:00:06]} Qd7 {[%emt 0:00:09]} 47. Kg1 {[%emt 0:00:18]} Qe7 {[%emt 0:00:04]} 48. h5 {[%emt 0:00:23]} gxh5 {[%emt 0:00:08]} 49. Qf5+ {[%emt 0:00:03]} Kh6 {[%emt 0:00:02]} 50. Kf1 {[%emt 0:00:09]} b4 {[%emt 0:00:23]} 51. axb4 axb4 {[%emt 0:00:01]} 52. Qf4+ {[%emt 0:00:13]} Kg6 {[%emt 0:00:04]} 53. Qg3+ {[%emt 0:00:06]} Kh7 {[%emt 0:00:13]} 54. Qd3+ {[%emt 0:00:05]} Kh8 {[%emt 0:00:26]} 55. Qd4+ {[%emt 0:00:08]} Kg8 {[%emt 0:00:08]} 56. Qd5+ {[%emt 0:00:24]} Qf7 {[%emt 0:00:00]} 57. Qg5+ {[%emt 0:00:02]} Kh7 {[%emt 0:00:02]} 58. Qe5 {[%emt 0:00:18]} b3 {[%emt 0:00:07]} 59. Qe4+ {[%emt 0:00:03]} Kg8 {[%emt 0:00:07]} 60. Qg2+ {[%emt 0:00:22]} Kh8 {[%emt 0:00:15]} 61. Qa8+ {[%emt 0:00:05]} Kg7 {[%emt 0:00:02]} 62. Qg2+ {[%emt 0:00:04]} Kh6 {[%emt 0:00:01]} 63. Qc6+ {[%emt 0:00:06]} Qg6 {[%emt 0:00:44]} 64. Qb5 {[%emt 0:00:26]} Qb1+ {[%emt 0:00:13]} 65. Kg2 {[%emt 0:00:04]} b2 {[%emt 0:00:04]} 66. Kh2 {[%emt 0:00:13]} Qc2 {[%emt 0:00:03]} 67. Qb6+ {[%emt 0:00:03]} Kg5 {[%emt 0:00:13]} 68. Qe3+ {[%emt 0:00:27]} Kf5 {[%emt 0:00:07]} 69. Qf3+ {[%emt 0:00:03]} Ke6 {[%emt 0:00:10]} 70. Qe3+ {[%emt 0:00:22]} Kd5 {[%emt 0:00:19]} 71. Qf3+ {[%emt 0:00:05]} Kc4 {[%emt 0:00:10]} 72. Qc6+ {[%emt 0:00:07]} Kb3 {[%emt 0:00:07]} 73. Qb5+ {[%emt 0:00:01]} Ka3 {[%emt 0:00:15]} 74. Qa5+ {[%emt 0:00:20]} Qa4 {[%emt 0:00:08]} 75. Qc3+ {[%emt 0:00:16]} Ka2 {[%emt 0:00:01]} 76. Qd2 {[%emt 0:00:01]} Qh4+ {[%emt 0:00:21]} 77. Kg1 {[%emt 0:00:10]} Qg4+ {[%emt 0:00:01]} 78. Kh2 {[%emt 0:00:04]} Qe4 {[%emt 0:00:10]} 79. Qa5+ {[%emt 0:00:08]} Kb3 {[%emt 0:00:05]} 80. Qb5+ {[%emt 0:00:10]} Kc2 {[%emt 0:00:03]} 81. Qc5+ {[%emt 0:00:07]} Kd1 {[%emt 0:00:03]} 82. Qd6+ {[%emt 0:00:11]} Ke1 {[%emt 0:00:15]} 83. Qg3 {[%emt 0:00:31]} b1=Q {[%emt 0:00:21]} 84. f3+ {[%emt 0:00:02]} 0-1

[Event "World Prestigious University 2019"]
[Site "Tianjin"]
[Date "2019.11.28"]
[Round "8.18"]
[White "Derakhshani, Dorsa"]
[Black "Papanek, Ella"]
[Result "1-0"]
[WhiteElo "2277"]
[BlackElo "1777"]
[PlyCount "41"]
[EventDate "2019.11.26"]
[EventType "team-tourn"]
[EventCountry "CHN"]
[TimeControl "1500+10"]
[WhiteClock "0:03:46"]
[BlackClock "0:10:33"]

1. e4 {[%emt 0:00:00]} c5 {[%emt 0:00:00]} 2. Nf3 {[%emt 0:00:13]} e6 {[%emt 0:00:00]} 3. d4 {[%emt 0:00:01]} cxd4 {[%emt 0:00:00]} 4. Nxd4 {[%emt 0:00:02]} a6 {[%emt 0:00:00]} 5. Nc3 {[%emt 0:00:01]} Qc7 {[%emt 0:00:00]} 6. Be2 {[%emt 0:00:14]} Bb4 {[%emt 0:00:52]} 7. O-O {[%emt 0:00:33]} Nf6 {[%emt 0:00:41]} 8. Be3 {[%emt 0:03:42]} Bxc3 {[%emt 0:00:35]} 9. bxc3 {[%emt 0:00:01]} Nxe4 {[%emt 0:00:12]} 10. Bd3 {[%emt 0:00:08]} Nf6 {[%emt 0:01:59]} 11. Re1 {[%emt 0:02:14]} Nc6 {[%emt 0:00:37]} 12. Nf5 {[%emt 0:01:38]} O-O {[%emt 0:01:13]} 13. Nd6 {[%emt 0:00:40]} Ne7 {[%emt 0:04:12]} 14. Bf4 {[%emt 0:03:25]} Ned5 {[%emt 0:01:06]} 15. Be5 {[%emt 0:00:11]} Qc6 {[%emt 0:01:38]} 16. c4 {[%emt 0:02:13]} Nb4 {[%emt 0:05:25]} 17. Bxf6 {[%emt 0:00:51]} Nxd3 {[%emt 0:00:04]} 18. Qg4 {[%emt 0:00:56]} g6 {[%emt 0:00:27]} 19. Qg5 {[%emt 0:00:23]} Nxe1 {[%emt 0:03:46]} 20. Rxe1 {[%emt 0:00:21]} e5 {[%emt 0:01:47]} 21. Qh6 {[%emt 0:00:10]} 1-0